| 000 | 02281nam a2200385 a 4500 | ||
|---|---|---|---|
| 001 | ebr10280018 | ||
| 003 | CaPaEBR | ||
| 006 | m u | ||
| 007 | cr cn||||||||| | ||
| 008 | 060310s2007 wiu sb s001 0 eng | ||
| 010 | _z 2006008622 | ||
| 020 | _z0299218805 (cloth : alk. paper) | ||
| 040 |
_aCaPaEBR _cCaPaEBR |
||
| 035 | _a(OCoLC)318240510 | ||
| 043 |
_an-us--- _ae-uk--- |
||
| 050 | 1 | 4 |
_aE169.1 _b.F828 2007eb |
| 082 | 0 | 4 |
_a973.91 _222 |
| 100 | 1 |
_aFrankel, Robert Perry, _d1958- |
|
| 245 | 1 | 0 |
_aObserving America _h[electronic resource] : _bthe commentary of British visitors to the United States, 1890-1950 / _cRobert Frankel. |
| 260 |
_aMadison, Wis. : _bUniversity of Wisconsin Press, _cc2007. |
||
| 300 | _axvi, 318 p. | ||
| 490 | 1 | _aStudies in American thought and culture | |
| 504 | _aIncludes bibliographical references (p. 293-305) and index. | ||
| 505 | 0 | _aThe plight of the cities : W.T. Stead and 1890s urban America -- The bonds of blood : W.T. Stead's vision of Anglo-American unity at the turn of the century -- The promise of America : H.G. Wells and the progressive era -- The global stage : H.G. Wells on America's emergence in the First World War -- Main street America : G.K. Chesterton and the culture of the United States in the 1920s -- The new deals : Harold Laski, H.G. Wells, and Roosevelt's America versus Stalin's Russia -- The businessman's America : Harold Laski's view of the United States in the 1940s -- Conclusion : lost republic, lost tradition. | |
| 533 |
_aElectronic reproduction. _bPalo Alto, Calif. : _cebrary, _d2013. _nAvailable via World Wide Web. _nAccess may be limited to ebrary affiliated libraries. |
||
| 650 | 0 |
_aNational characteristics, American _xPublic opinion. |
|
| 650 | 0 |
_aPublic opinion _zGreat Britain _xHistory _y20th century. |
|
| 650 | 0 |
_aIntellectuals _zGreat Britain _xAttitudes. |
|
| 650 | 0 |
_aIntellectuals _xTravel _zUnited States. |
|
| 651 | 0 |
_aUnited States _xCivilization _xForeign public opinion, British _xHistory _y20th century. |
|
| 655 | 7 |
_aElectronic books. _2local |
|
| 710 | 2 | _aebrary, Inc. | |
| 830 | 0 | _aStudies in American thought and culture. | |
| 856 | 4 | 0 |
_uhttp://site.ebrary.com/lib/rucke/Doc?id=10280018 _zAn electronic book accessible through the World Wide Web; click to view |
| 999 |
_c4012 _d4012 |
||